000
00288nam a22001337a 4500
008
180919b xxu||||| |||| 00| 0 eng d
020
_a
9780673993281
041
_a
eng
080
_a
330.101
100
_a
52
101
_a
MBE
245
_a
Microeconomics
_c
Byrns, R.T
942
_2
udc
_c
BK
999
_c
48011
_d
48011